Introducción a la publicidad

Uloženo v:
Podrobná bibliografie
Hlavní autor: Billorou, Oscar Pedro (Autor)
Médium: Kniha
Jazyk:španělština
Vydáno: Buenos Aires El Ateneo 2002
Vydání:5a. ed
Témata:
Tagy: Přidat tag
Žádné tagy, Buďte první, kdo vytvoří štítek k tomuto záznamu!

MARC

LEADER 00000nam a2200000 a 4500
001 UCK5098
003 CL-VaPUC
008 050708e20020000AG |||||||||||||||||spa|d
020 |a 9500263572 
082 0 4 |a 659.1  |b BIL  |2 21 
100 0 |a Billorou, Oscar Pedro  |e author  |9 493804 
245 1 0 |a Introducción a la publicidad 
250 |a 5a. ed 
300 |a 327 p 
942 |c BK 
945 |d 20050708 00:00:00  |a jcarroza 
260 |a Buenos Aires  |b El Ateneo  |c 2002 
650 0 |a Relaciones públicas  |9 331772 
650 0 |a Publicidad  |9 314572 
650 7 |a COMUNICACION DE MASAS  |2 CL-VaPUC  |9 334823 
583 |a last modification  |c 20050708 00:00:00  |k Rodrigo Vera 
999 |c 313776  |d 313774 
952 |0 0  |1 0  |4 0  |6 659_100000000000000_BIL_2002  |7 0  |8 A  |9 385284  |a BIBENE  |b BIBENE  |d 2019-11-22  |i 4143523  |o 659.1 BIL 2002  |p 4143523  |r 2025-01-15  |w 2019-11-22  |y BK  |k ICO